000 00621nam a2200217Ia 4500
003 OSt
005 20221007065432.0
006 a|||||r|||| 00| 0
007 ta
008 221006b |||||||| |||| 00| 0 eng d
024 _a42,851
037 _cDissertations
040 _aFLL
_cFLL
_beng
041 _2eng
_aeng
100 _aKumar Manish
_9686997
245 0 _aLegal entitlement of right to food
_b a critical appraisal of statutes and PDS system
260 _aFaculty
_bof law University of Delhi
_c2015
300 _a114 vi
_ccm.
942 _cDIS
_2CC
999 _c1137274
_d1137274